Imprenta - Escuela de la Casa Provincial de Caridad
Descripción Física:
15 p. ; 17 cm
Materias:
Casa de Caritat (Barcelona, Catalunya)
MARC
| LEADER | 00000nam a2200000Ia 4500 | ||
|---|---|---|---|
| 001 | 11203 | ||
| 008 | 160829s9999 xx 000 0 cat d | ||
| 080 | |a RF-1-74 | ||
| 110 | |a Casa de Caritat (Barcelona, Catalunya) |9 52406 | ||
| 245 | |a Imprenta - Escuela de la Casa Provincial de Caridad | ||
| 260 | |a Barcelona : |b (Impremta - Escola), [s.a.] | ||
| 300 | |a 15 p. ; |c 17 cm | ||
| 590 | |a Títol a la coberta: Recuerdo de mi visita a la Imprenta - Escuela de la Casa Provincial de Caridad de Barcelona. | ||
| 590 | |a Hi ha un duplicat a: DUP-336 | ||
| 610 | 0 | |a Casa de Caritat (Barcelona, Catalunya) |9 52406 | |
| 710 | |a Casa de Caritat (Barcelona, Catalunya) |9 52406 | ||
| 856 | 4 | |u https://media.diba.cat/diba/fitxers/arxiu/fulletons/bib_11203_baixa.pdf |y Accés lliure | |
| 856 | 4 | |u https://media.diba.cat/diba/fitxers/arxiu/fulletons/bib_11203_baixa.pdf |y Accés lliure | |
| 901 | |a Arxiu | ||
| 942 | |n 1 |2 udc | ||
| 952 | |0 0 |1 0 |4 0 |6 RF174 |7 1 |9 45302 |a Arxiu |b Arxiu |d 2016-12-01 |l 0 |o RF-1-74 |p 11203 |r 2016-12-01 00:00:00 |w 2016-12-01 |y ARXIU | ||
| 999 | |c 48376 |d 48376 | ||
| 900 | |a bib_11203_baixa.pdf | ||